MyGZULibrary

The climate cure : (Record no. 10584)

MARC details
000 -LEADER
fixed length control field 02889cam a22004097i 4500
001 - CONTROL NUMBER
control field 22177033
003 - CONTROL NUMBER IDENTIFIER
control field GZU
005 - DATE AND TIME OF LATEST TRANSACTION
control field 20220609125950.0
007 - PHYSICAL DESCRIPTION FIXED FIELD--GENERAL INFORMATION
fixed length control field ta
008 - FIXED-LENGTH DATA ELEMENTS--GENERAL INFORMATION
fixed length control field 210813t20202020vra e b 001 0 eng
010 ## - LIBRARY OF CONGRESS CONTROL NUMBER
LC control number 2020446850
020 ## - INTERNATIONAL STANDARD BOOK NUMBER
International Standard Book Number 9781922330352
Qualifying information (paperback)
040 ## - CATALOGING SOURCE
Original cataloging agency AU@
Language of cataloging eng
Transcribing agency AU@
Description conventions rda
Modifying agency OCLCO
-- YDX
-- ATNSH
-- ATCDL
-- OCLCF
-- NZAUC
-- AUPTL
-- YDXIT
-- OCLCO
-- OCL
-- DLC
042 ## - AUTHENTICATION CODE
Authentication code lccopycat
043 ## - GEOGRAPHIC AREA CODE
Geographic area code u-at---
050 00 - LIBRARY OF CONGRESS CALL NUMBER
Classification number QC903.2.A8
Item number FLA 2020
100 1# - MAIN ENTRY--PERSONAL NAME
Personal name Flannery, Tim F.
Fuller form of name (Tim Fridtjof),
Dates associated with a name 1956-
Relator term author.
245 14 - TITLE STATEMENT
Title The climate cure :
Remainder of title solving the climate emergency in the era of COVID-19 /
Statement of responsibility, etc. Tim Flannery.
264 #1 - PRODUCTION, PUBLICATION, DISTRIBUTION, MANUFACTURE, AND COPYRIGHT NOTICE
Place of production, publication, distribution, manufacture Melbourne, Victoria :
Name of producer, publisher, distributor, manufacturer Text Publishing,
Date of production, publication, distribution, manufacture, or copyright notice 2020.
264 #4 - PRODUCTION, PUBLICATION, DISTRIBUTION, MANUFACTURE, AND COPYRIGHT NOTICE
Date of production, publication, distribution, manufacture, or copyright notice ©2020
300 ## - PHYSICAL DESCRIPTION
Extent 205 pages ;
Dimensions 24 cm
336 ## - CONTENT TYPE
Content type term text
Content type code txt
Source rdacontent
337 ## - MEDIA TYPE
Media type term unmediated
Media type code n
Source rdamedia
338 ## - CARRIER TYPE
Carrier type term volume
Carrier type code nc
Source rdacarrier
504 ## - BIBLIOGRAPHY, ETC. NOTE
Bibliography, etc. note Includes bibliographical references and index.
505 0# - FORMATTED CONTENTS NOTE
Formatted contents note The great Australian tragedy. A history of folly -- How Australian government policy is making things worse -- The balance of probabilities: it's worse than you think -- Megafire -- The decade of consequences -- Who does what when governments fail? -- The three-part cure. Stemming the spread -- An Australian coal compromise -- Clean industrial energy -- Cutting off fossil fuel's support network -- Hydrogen -- Electric vehicles -- Aviation and shipping -- Leadership and cooperation in a global emergency -- Adaptation -- Drawdown: a vaccine for the fossil fuel pandemic.
520 ## - SUMMARY, ETC.
Summary, etc. Emergencies test governments, organisations and individuals. Although Australia's prompt, science-led response to COVID-19 has not been perfect, it has saved tens of thousands of lives. But for decades, governments have ignored, ridiculed or understated the advice of scientists on the climate emergency. Now, in the wake of the megafires of 2020, a time of reckoning has arrived. In The Climate Cure renowned climate scientist Tim Flannery takes aim at those responsible for the campaign of obfuscation and denial that has already cost so many Australian lives and held back action on climate change. Flannery demands a new approach, based on the nation's response to COVID-19, that will lead to effective government policies. The Climate Cure is an action plan for our future. We face a fork in the road, and must decide now between catastrophe and survival.
650 #0 - SUBJECT ADDED ENTRY--TOPICAL TERM
Topical term or geographic name entry element Climatic changes
Geographic subdivision Australia.
650 #0 - SUBJECT ADDED ENTRY--TOPICAL TERM
Topical term or geographic name entry element Climatic changes
General subdivision Government policy
Geographic subdivision Australia.
650 #0 - SUBJECT ADDED ENTRY--TOPICAL TERM
Topical term or geographic name entry element Climatic changes
General subdivision Effect of human beings on.
650 #0 - SUBJECT ADDED ENTRY--TOPICAL TERM
Topical term or geographic name entry element Climate change mitigation
Geographic subdivision Australia.
650 #0 - SUBJECT ADDED ENTRY--TOPICAL TERM
Topical term or geographic name entry element Global warming
Geographic subdivision Australia.
650 #0 - SUBJECT ADDED ENTRY--TOPICAL TERM
Topical term or geographic name entry element Renewable energy sources
Geographic subdivision Australia.
906 ## - LOCAL DATA ELEMENT F, LDF (RLIN)
a 7
b cbc
c copycat
d 3
e ncip
f 20
g y-gencatlg
942 ## - ADDED ENTRY ELEMENTS (KOHA)
Source of classification or shelving scheme Library of Congress Classification
Koha item type Books
Classification part 903.2.A8
Item part FLA
Call number prefix QC
Holdings
Withdrawn status Lost status Source of classification or shelving scheme Damaged status Not for loan Collection code Home library Current library Shelving location Date acquired Source of acquisition Total Checkouts Full call number Barcode Date last seen Copy number Price effective from Koha item type
    Library of Congress Classification     Non-fiction City Campus Library City Campus Library General Stacks 06/09/2022 Book Aid International   QC903.2.A8 FLA 2020 032424 06/09/2022 c. 1 06/09/2022 Books